000 00426nam a2200133Ia 4500
008 220217s9999||||xx |||||||||||||| ||und||
020 _a978-81-3120-089-6
082 _a621.381 5 AGA
100 _aAgarwal, Anant and Lang, Jeggrey, H
_97571
245 0 _aFoundation of analog and digital electronic circuits
260 _aElsevier Academic press
_bNew Delhi
_c2009
300 _aXXIV,984p.
_b525
650 _aELECTRONICS
999 _c181189
_d181189